Normal view
MARC view
- WIRELESS NETWORKS
Entry Topical Term
001 - CONTROL NUMBER
- control field: 57456
003 - CONTROL NUMBER IDENTIFIER
- control field: NUST
005 - DATE AND TIME OF LATEST TRANSACTION
- control field: 20210628201927.0
008 - FIXED-LENGTH DATA ELEMENTS
- fixed length control field: 210628|| aca||aabn | a|a d
040 ## - CATALOGING SOURCE
- Original cataloging agency: NUST
- Transcribing agency: NUST
150 ## - HEADING--TOPICAL TERM
- Topical term or geographic name entry element: WIRELESS NETWORKS
670 ## - SOURCE DATA FOUND
- Source citation: Work cat.: (NUST): Pahlavan, Kaveh ,Krishnamurthy, Prashant 57455, Principles of wireless networks ,a unified approach, 2004
